Geografia Europy po zdjęciu - Statystyki

Ogólne statystyki
  • Ten quiz został rozwiązany 2 033 razy
  • Średni wynik to 9 z 16
Statystyki odpowiedzi
Obrazkowy Hint Odpowiedź % Poprawnych
Państwo Irlandia
95%
Państwo Czechy
94%
Morze Czarne
93%
Waluta Euro
93%
Państwo Hiszpania
89%
Województwo Podkarpackie
84%
Góry Tatry
72%
Zwierzę Niedźwiedź brunatny
63%
Pasmo górskie Pireneje
51%
Język Fiński
50%
Stolica Sztokholm
44%
Wyspa Gotlandia
38%
Rzeka Niemen
32%
Zatoka Ryska
26%
Region Liguria
15%
Miasto Koszyce
12%
Nie znaleziono quizów pasujących do podanych kryteriów
Rozkład punktacji
Procent ludzi z każdym wynikiem
Percentyl według liczby udzielonych odpowiedzi
Twoja historia wyników
Nie rozwiązałeś tego quizu